|
|
|
|
| LEADER |
00000nam a2200000 a 4500 |
| 001 |
vtls009179709 |
| 003 |
SK-MaSNL |
| 005 |
20260301125256.0 |
| 007 |
co cgu auuua |
| 008 |
240313s2007 xo a fsp 000 0 slo |
| 015 |
|
|
|a SNBS2008/01-00388
|
| 020 |
|
|
|a 9788080960391
|q (elektronická kniha)
|
| 040 |
|
|
|a SNK
|b slo
|c SNK
|e AACR2
|
| 041 |
0 |
|
|a slo
|
| 044 |
|
|
|a xo
|c SK
|
| 072 |
|
7 |
|a 614
|x Verejné zdravie a hygiena
|2 konspekt
|
| 072 |
|
7 |
|a 005
|x Manažment. Riadenie
|2 konspekt
|
| 080 |
|
|
|a 005.6
|2 2001
|
| 080 |
|
|
|a 614.2
|2 2001
|
| 080 |
|
|
|a 37.018.43
|2 2001
|
| 080 |
|
|
|a (0.034.44)
|2 2001
|
| 100 |
1 |
|
|a Šalgovičová, Jarmila,
|d 1950-
|4 aut
|9 208071
|
| 245 |
1 |
0 |
|a Manažérstvo kvality v zdravotníctve
|h elektronický zdroj
|b dištančné vzdelávanie
|c Jarmila Šalgovičová a kolektív
|
| 250 |
|
|
|a 1. vyd.
|
| 260 |
|
|
|a Trnava
|b AlumniPress
|c 2007
|
| 300 |
|
|
|a 1 elektronický optický disk (CD-ROM)
|b fareb. ilustr.
|c 12 cm
|
| 500 |
|
|
|a Názov z titulnej obrazovky
|
| 500 |
|
|
|a Vydané pre: Slovenská technická univerzita v Bratislave
|
| 516 |
|
|
|a Textový dokument učebnica), 1 súbor vo formáte pdf
|
| 538 |
|
|
|a Technické požiadavky: Adobe Reader 6.0
|
| 650 |
0 |
7 |
|a zdravotníctvo
|2 SNKPH
|9 1269
|
| 650 |
0 |
7 |
|a manažment kvality
|2 SNKPH
|9 932
|
| 650 |
0 |
7 |
|a dištančné vzdelávanie
|2 SNKPH
|9 4329
|
| 650 |
0 |
7 |
|a učebnice
|2 SNKPH
|9 74147
|
| 655 |
|
7 |
|a CD-ROM
|2 SNKPH
|9 70236
|
| 655 |
|
7 |
|a elektronické zdroje
|2 SNKPH
|9 90954
|
| 919 |
|
|
|a 978-80-8096-039-1
|
| 999 |
|
|
|c 741985
|d 743915
|
| 952 |
|
|
|a SNK
|b SNK
|y PREZ
|7 0
|p 17A0576949
|o snkSCDM 1722
|i snk2008/2565
|8 0
|0 0
|1 0
|4 0
|d 2008-01-31
|l 0
|r 2026-02-23 23:03:34
|w 2026-02-23
|
| 952 |
|
|
|a SNK
|b SNK
|y PREZ
|7 0
|p 17A0576948
|o snkSCDM 1722 D1
|i snk2008/2566
|8 0
|0 0
|1 0
|4 0
|d 2008-01-31
|l 0
|r 2026-02-23 23:03:34
|w 2026-02-23
|